Home Alone Quotes - Statistics

General Stats
  • This quiz has been taken 1,763 times
  • The average score is 12 of 30
Answer Stats
Answer % Correct
Keep the change, ya {filthy} {animal}.
94%
I made my {family} disappear...
91%
Buzz, your {girlfriend}! Woof!
64%
This is my house. I have to {defend} it.
64%
Do you hear me? I'm not {afraid} anymore!
62%
You may have won the {battle}, little dude, but you lost the war.
62%
Look what you did, you little {jerk}!
58%
All the great ones leave their mark. We're the {wet} {bandits}!
55%
Kevin, you're such a {disease}!
54%
You guys give up yet? Or are you {thirsty} for more?
53%
Well, you have to pay for your {pizza}, sir.
48%
Store wouldn't take your... stolen {credit} {card}?
47%
You was here.. and you were smoochin' with my {brother}!
46%
Don't you know a kid always wins against two {idiots}?
38%
Suck {brick}, kid!
35%
But my {tommy} {gun} don't!
34%
The salt turns the bodies.. into {mummies}.
34%
Don't flash them babies around here! There could be {girls} on this floor!
32%
Now why would anyone soak a rope in {kerosene}?
31%
Two? Make it three. I'm not {driving}.
31%
Enough of this gooey... show of {emotion}.
27%
It's freedom. No, it's {fish}.
27%
Oh, wouldn't want to spoil your fun, Mr. {Cheapskate}.
25%
We're getting scammed by a {kindergartener}.
24%
Easy on the fluids, pal. The {rubber} {sheets} are packed.
21%
Maybe I'm off my {hinges}, but I believe you...
19%
Too bad {Acey} ain't in charge no more.
19%
Beat that, you little {troutsniffer}.
18%
You're what the French call "{les} {incompetents}".
18%
Hope your parents bought you a {tombstone} for Christmas!
17%
No matching quizzes found
Score Distribution
Percent of People with Each Score
Percentile by Number Answered
Your Score History
You have not taken this quiz